[Event "Chessable Masters - Torneo preliminare"]
[White "Vasquez Schroeder, Rodrigo"]
[Black "Keymer, Vincent"]
[WhiteFideId "3400042"]
[BlackFideId "12940690"]
[WhiteElo "2589"]
[BlackElo "2630"]
[Result "0-1"]
[Round "3"]
[TimeControl "600+2"]
[Date "2023.03.13"]
[WhiteClock "0:03:50"]
[BlackClock "0:01:35"]

1. d4 {[%clk 0:10:01]}  Nf6 {[%clk 0:10:00]} 2. Nf3 {[%clk 0:10:02]}  e6 {[%clk 0:10:02]} 3. e3 {[%clk 0:10:03]}  d5 {[%clk 0:10:02]} 4. Bd3 {[%clk 0:10:04]}  b6 {[%clk 0:10:01]} 5. O-O {[%clk 0:10:02]}  Bb7 {[%clk 0:10:01]} 6. b3 {[%clk 0:10:03]}  Bd6 {[%clk 0:10:02]} 7. Bb2 {[%clk 0:10:05]}  O-O {[%clk 0:10:03]} 8. c4 {[%clk 0:10:05]}  Nbd7 {[%clk 0:10:04]} 9. Nc3 {[%clk 0:10:03]}  a6 {[%clk 0:10:05]} 10. cxd5 {[%clk 0:10:03]}  exd5 {[%clk 0:10:04]} 11. Rc1 {[%clk 0:10:00]}  Qe7 {[%clk 0:09:58]} 12. Qe2 {[%clk 0:09:59]}  Ne4 {[%clk 0:09:58]} 13. Rc2 {[%clk 0:09:44]}  f5 {[%clk 0:09:34]} 14. g3 {[%clk 0:09:42]}  c6 {[%clk 0:09:14]} 15. Rfc1 {[%clk 0:09:32]}  a5 {[%clk 0:09:14]} 16. a4 {[%clk 0:09:22]}  Rae8 {[%clk 0:09:06]} 17. Ba6 {[%clk 0:09:08]}  Ba8 {[%clk 0:09:05]} 18. Nxe4 {[%clk 0:08:38]}  fxe4 {[%clk 0:08:59]} 19. Nh4 {[%clk 0:08:36]}  Rf6 {[%clk 0:08:39]} 20. Qg4 {[%clk 0:08:20]}  Ref8 {[%clk 0:08:27]} 21. Rf1 {[%clk 0:07:56]}  Nb8 {[%clk 0:07:51]} 22. Be2 {[%clk 0:07:53]}  Bb7 {[%clk 0:07:50]} 23. Qh3 {[%clk 0:07:45]}  Rh6 {[%clk 0:07:16]} 24. f4 {[%clk 0:07:17]}  exf3 {[%clk 0:07:05]} 25. Rxf3 {[%clk 0:07:18]}  Rxf3 {[%clk 0:06:11]} 26. Bxf3 {[%clk 0:07:19]}  Qxe3+ {[%clk 0:05:58]} 27. Kg2 {[%clk 0:06:56]}  Qe6 {[%clk 0:05:44]} 28. Qg4 {[%clk 0:06:38]}  Bc8 {[%clk 0:05:07]} 29. Qxe6+ {[%clk 0:06:39]}  Bxe6 {[%clk 0:05:09]} 30. Bc1 {[%clk 0:06:39]}  Rf6 {[%clk 0:05:08]} 31. Bg5 {[%clk 0:06:38]}  Rf8 {[%clk 0:04:53]} 32. Re2 {[%clk 0:06:25]}  Bd7 {[%clk 0:04:49]} 33. Be7 {[%clk 0:06:10]}  Bxe7 {[%clk 0:04:46]} 34. Rxe7 {[%clk 0:06:11]}  Re8 {[%clk 0:04:47]} 35. Rxe8+ {[%clk 0:06:09]}  Bxe8 {[%clk 0:04:49]} 36. Nf5 {[%clk 0:06:03]}  Kf8 {[%clk 0:04:34]} 37. Kf2 {[%clk 0:05:58]}  Bg6 {[%clk 0:04:21]} 38. Ne3 {[%clk 0:05:59]}  Nd7 {[%clk 0:04:13]} 39. Ke2 {[%clk 0:05:57]}  Ke7 {[%clk 0:04:12]} 40. Kd2 {[%clk 0:05:57]}  Nf6 {[%clk 0:04:06]} 41. Nd1 {[%clk 0:05:43]}  Bh5 {[%clk 0:03:48]} 42. Bxh5 {[%clk 0:05:42]}  Nxh5 {[%clk 0:03:50]} 43. Ne3 {[%clk 0:05:43]}  g6 {[%clk 0:03:40]} 44. Nc2 {[%clk 0:05:34]}  Ng7 {[%clk 0:03:24]} 45. b4 {[%clk 0:05:34]}  axb4 {[%clk 0:03:24]} 46. Nxb4 {[%clk 0:05:35]}  Kd6 {[%clk 0:03:26]} 47. Nd3 {[%clk 0:05:30]}  Ne6 {[%clk 0:03:26]} 48. Kc3 {[%clk 0:05:30]}  c5 {[%clk 0:03:03]} 49. dxc5+ {[%clk 0:05:28]}  bxc5 {[%clk 0:03:05]} 50. h4 {[%clk 0:05:22]}  Nc7 {[%clk 0:02:36]} 51. Nf4 {[%clk 0:05:17]}  Kc6 {[%clk 0:02:24]} 52. g4 {[%clk 0:05:07]}  c4 {[%clk 0:02:13]} 53. Kd4 {[%clk 0:04:54]}  Kd6 {[%clk 0:02:11]} 54. a5 {[%clk 0:04:18]}  Nb5+ {[%clk 0:02:10]} 55. Ke3 {[%clk 0:04:19]}  Ke5 {[%clk 0:01:58]} 56. Ne2 {[%clk 0:04:05]}  d4+ {[%clk 0:01:58]} 57. Kd2 {[%clk 0:04:07]}  d3 {[%clk 0:01:43]} 58. Ng1 {[%clk 0:04:05]}  Ke4 {[%clk 0:01:44]} 59. a6 {[%clk 0:03:50]}  c3+ {[%clk 0:01:45]} 60. Kd1 {[%clk 0:03:50]}  Ke3 {[%clk 0:01:41]} 61. g5 {[%clk 0:03:50]}  Nd4 {[%clk 0:01:35]} 0-1


[Site "Internet"]

[Event "Chessable Masters - Torneo preliminare"]
[White "Vaibhav, Suri"]
[Black "Nguyen, Thai Dai Van"]
[WhiteFideId "5045185"]
[BlackFideId "358878"]
[WhiteElo "2543"]
[BlackElo "2544"]
[Result "1-0"]
[Round "3"]
[TimeControl "600+2"]
[Date "2023.03.13"]
[WhiteClock "0:01:58"]
[BlackClock "0:03:05"]

1. e4 {[%clk 0:10:01]}  c5 {[%clk 0:09:58]} 2. Nf3 {[%clk 0:10:02]}  d6 {[%clk 0:09:59]} 3. Nc3 {[%clk 0:10:04]}  a6 {[%clk 0:09:58]} 4. d4 {[%clk 0:10:04]}  cxd4 {[%clk 0:10:00]} 5. Qxd4 {[%clk 0:10:06]}  Nc6 {[%clk 0:10:01]} 6. Qd3 {[%clk 0:10:06]}  g6 {[%clk 0:10:02]} 7. Nd5 {[%clk 0:10:07]}  Bg7 {[%clk 0:10:02]} 8. c3 {[%clk 0:10:09]}  Nf6 {[%clk 0:10:03]} 9. Bg5 {[%clk 0:10:10]}  O-O {[%clk 0:10:03]} 10. Be2 {[%clk 0:10:03]}  Bg4 {[%clk 0:09:48]} 11. Rd1 {[%clk 0:09:47]}  Re8 {[%clk 0:08:21]} 12. O-O {[%clk 0:09:44]}  h6 {[%clk 0:06:43]} 13. Nxf6+ {[%clk 0:08:33]}  exf6 {[%clk 0:06:45]} 14. Bf4 {[%clk 0:08:34]}  Qb6 {[%clk 0:06:39]} 15. b4 {[%clk 0:07:48]}  Rad8 {[%clk 0:06:27]} 16. Rfe1 {[%clk 0:07:37]}  Ne5 {[%clk 0:06:05]} 17. Qe3 {[%clk 0:07:06]}  Qc7 {[%clk 0:04:50]} 18. Nxe5 {[%clk 0:06:42]}  fxe5 {[%clk 0:04:48]} 19. Bxh6 {[%clk 0:05:44]}  Be6 {[%clk 0:04:37]} 20. Bxg7 {[%clk 0:05:26]}  Kxg7 {[%clk 0:04:39]} 21. a4 {[%clk 0:05:19]}  Bb3 {[%clk 0:04:32]} 22. Ra1 {[%clk 0:05:18]}  Rc8 {[%clk 0:04:30]} 23. Rec1 {[%clk 0:05:14]}  Bc4 {[%clk 0:04:27]} 24. Bg4 {[%clk 0:05:06]}  Rcd8 {[%clk 0:04:15]} 25. Rd1 {[%clk 0:04:55]}  a5 {[%clk 0:04:08]} 26. bxa5 {[%clk 0:04:22]}  Qxa5 {[%clk 0:04:08]} 27. Rab1 {[%clk 0:04:14]}  Ba6 {[%clk 0:03:47]} 28. Rb6 {[%clk 0:03:46]}  Re7 {[%clk 0:03:18]} 29. h4 {[%clk 0:03:40]}  Rc7 {[%clk 0:03:10]} 30. Rbxd6 {[%clk 0:03:18]}  Rxd6 {[%clk 0:03:10]} 31. Rxd6 {[%clk 0:03:20]}  Qxc3 {[%clk 0:03:10]} 32. Qg5 {[%clk 0:02:54]}  Qe1+ {[%clk 0:03:03]} 33. Kh2 {[%clk 0:02:54]}  Qxf2 {[%clk 0:03:05]} 34. Bf3 {[%clk 0:01:58]} 1-0


[Site "Internet"]

[Event "Chessable Masters - Torneo preliminare"]
[White "Shyam, Sundar M."]
[Black "Kravtsiv, Martyn"]
[WhiteFideId "5019141"]
[BlackFideId "14113147"]
[WhiteElo "2464"]
[BlackElo "2675"]
[Result "0-1"]
[Round "3"]
[TimeControl "600+2"]
[Date "2023.03.13"]
[WhiteClock "0:01:38"]
[BlackClock "0:01:13"]

1. e4 {[%clk 0:10:01]}  e5 {[%clk 0:09:59]} 2. Nf3 {[%clk 0:09:59]}  Nc6 {[%clk 0:10:00]} 3. Bb5 {[%clk 0:10:00]}  a6 {[%clk 0:10:01]} 4. Ba4 {[%clk 0:10:00]}  Nf6 {[%clk 0:10:00]} 5. O-O {[%clk 0:10:01]}  Be7 {[%clk 0:09:59]} 6. d3 {[%clk 0:10:01]}  b5 {[%clk 0:09:49]} 7. Bb3 {[%clk 0:10:03]}  O-O {[%clk 0:09:49]} 8. Nc3 {[%clk 0:10:02]}  d6 {[%clk 0:09:48]} 9. a3 {[%clk 0:10:02]}  Na5 {[%clk 0:09:46]} 10. Ba2 {[%clk 0:10:00]}  Be6 {[%clk 0:09:46]} 11. Bg5 {[%clk 0:09:58]}  c5 {[%clk 0:08:55]} 12. h3 {[%clk 0:07:19]}  Nc6 {[%clk 0:08:06]} 13. Bxf6 {[%clk 0:05:42]}  Bxf6 {[%clk 0:08:04]} 14. a4 {[%clk 0:05:43]}  b4 {[%clk 0:06:40]} 15. Nd5 {[%clk 0:05:43]}  g6 {[%clk 0:06:15]} 16. Qd2 {[%clk 0:05:35]}  Rb8 {[%clk 0:06:02]} 17. Bc4 {[%clk 0:05:29]}  a5 {[%clk 0:05:23]} 18. c3 {[%clk 0:05:29]}  Bxd5 {[%clk 0:04:44]} 19. Bxd5 {[%clk 0:05:29]}  Ne7 {[%clk 0:04:44]} 20. c4 {[%clk 0:04:54]}  Kg7 {[%clk 0:04:12]} 21. Qe2 {[%clk 0:04:43]}  b3 {[%clk 0:03:24]} 22. Ra3 {[%clk 0:04:42]}  Rb4 {[%clk 0:03:22]} 23. Rfa1 {[%clk 0:03:55]}  Qd7 {[%clk 0:02:57]} 24. Qd1 {[%clk 0:03:45]}  Rfb8 {[%clk 0:02:01]} 25. h4 {[%clk 0:03:18]}  Nxd5 {[%clk 0:01:45]} 26. cxd5 {[%clk 0:03:11]}  c4 {[%clk 0:01:46]} 27. g3 {[%clk 0:02:59]}  Bd8 {[%clk 0:01:33]} 28. dxc4 {[%clk 0:02:31]}  Rxc4 {[%clk 0:01:30]} 29. Nd2 {[%clk 0:02:32]}  Rc2 {[%clk 0:01:17]} 30. Rb1 {[%clk 0:02:21]}  Qa7 {[%clk 0:01:16]} 31. Qe1 {[%clk 0:01:39]}  Bb6 {[%clk 0:01:12]} 32. Rxb3 {[%clk 0:01:35]}  Bxf2+ {[%clk 0:01:12]} 33. Qxf2 {[%clk 0:01:36]}  Qxf2+ {[%clk 0:01:13]} 34. Kxf2 {[%clk 0:01:38]}  Rxb3 {[%clk 0:01:13]} 0-1


[Site "Internet"]

[Event "Chessable Masters - Torneo preliminare"]
[White "Van Foreest, Lucas"]
[Black "Meier, Georg"]
[WhiteFideId "1039792"]
[BlackFideId "4675789"]
[WhiteElo "2483"]
[BlackElo "2624"]
[Result "0-1"]
[Round "3"]
[TimeControl "600+2"]
[Date "2023.03.13"]
[WhiteClock "0:06:11"]
[BlackClock "0:03:28"]

1. d4 {[%clk 0:10:01]}  e6 {[%clk 0:10:01]} 2. c4 {[%clk 0:10:00]}  b6 {[%clk 0:10:02]} 3. e4 {[%clk 0:09:48]}  Bb4+ {[%clk 0:10:03]} 4. Bd2 {[%clk 0:09:44]}  Bxd2+ {[%clk 0:10:03]} 5. Qxd2 {[%clk 0:09:40]}  d5 {[%clk 0:10:05]} 6. Qe3 {[%clk 0:09:39]}  Ne7 {[%clk 0:09:59]} 7. Nc3 {[%clk 0:09:23]}  O-O {[%clk 0:09:59]} 8. Bd3 {[%clk 0:09:22]}  Ba6 {[%clk 0:09:37]} 9. cxd5 {[%clk 0:09:14]}  Bxd3 {[%clk 0:09:36]} 10. Qxd3 {[%clk 0:09:14]}  exd5 {[%clk 0:09:37]} 11. e5 {[%clk 0:09:16]}  c5 {[%clk 0:09:37]} 12. Nge2 {[%clk 0:09:11]}  Nbc6 {[%clk 0:09:30]} 13. f4 {[%clk 0:09:11]}  f6 {[%clk 0:05:06]} 14. O-O {[%clk 0:08:45]}  fxe5 {[%clk 0:05:01]} 15. dxe5 {[%clk 0:08:28]}  Qd7 {[%clk 0:04:19]} 16. Rad1 {[%clk 0:08:24]}  Rad8 {[%clk 0:04:20]} 17. b3 {[%clk 0:08:15]}  h6 {[%clk 0:04:17]} 18. Nb5 {[%clk 0:07:57]}  Nb4 {[%clk 0:04:13]} 19. Qh3 {[%clk 0:06:41]}  Qxb5 {[%clk 0:04:12]} 20. Qe6+ {[%clk 0:06:42]}  Rf7 {[%clk 0:04:08]} 21. Nc3 {[%clk 0:06:44]}  Qc6 {[%clk 0:03:54]} 22. Qg4 {[%clk 0:06:45]}  Rdf8 {[%clk 0:03:42]} 23. Ne2 {[%clk 0:06:16]}  d4 {[%clk 0:03:28]} 24. Ng3 {[%clk 0:06:14]}  Nbd5 {[%clk 0:03:27]} 25. e6 {[%clk 0:06:12]}  Rxf4 {[%clk 0:03:28]} 26. Rxf4 {[%clk 0:06:11]} 0-1


[Site "Internet"]

[Event "Chessable Masters - Torneo preliminare"]
[White "Paravyan, David"]
[Black "Raja, Harshit"]
[WhiteFideId "4194985"]
[BlackFideId "5089000"]
[WhiteElo "2598"]
[BlackElo "2361"]
[Result "1-0"]
[Round "3"]
[TimeControl "600+2"]
[Date "2023.03.13"]
[WhiteClock "0:01:46"]
[BlackClock "0:00:50"]

1. e4 {[%clk 0:10:01]}  c5 {[%clk 0:10:00]} 2. Nf3 {[%clk 0:10:02]}  d6 {[%clk 0:10:02]} 3. d4 {[%clk 0:10:00]}  cxd4 {[%clk 0:10:03]} 4. Nxd4 {[%clk 0:10:02]}  Nf6 {[%clk 0:10:04]} 5. Nc3 {[%clk 0:10:03]}  a6 {[%clk 0:10:06]} 6. h3 {[%clk 0:10:03]}  e6 {[%clk 0:10:03]} 7. g4 {[%clk 0:10:04]}  h6 {[%clk 0:10:05]} 8. Qe2 {[%clk 0:09:58]}  Nc6 {[%clk 0:10:02]} 9. Nxc6 {[%clk 0:09:56]}  bxc6 {[%clk 0:10:03]} 10. b3 {[%clk 0:09:53]}  Be7 {[%clk 0:09:38]} 11. Bb2 {[%clk 0:09:52]}  e5 {[%clk 0:09:33]} 12. O-O-O {[%clk 0:09:50]}  Be6 {[%clk 0:09:30]} 13. Na4 {[%clk 0:09:44]}  Nd7 {[%clk 0:09:24]} 14. f4 {[%clk 0:09:39]}  exf4 {[%clk 0:08:57]} 15. Bxg7 {[%clk 0:09:40]}  Rh7 {[%clk 0:07:50]} 16. Bb2 {[%clk 0:09:40]}  Qa5 {[%clk 0:07:14]} 17. Kb1 {[%clk 0:09:37]}  Ne5 {[%clk 0:07:05]} 18. Qf2 {[%clk 0:09:22]}  f3 {[%clk 0:06:53]} 19. Bc3 {[%clk 0:09:11]}  Qc7 {[%clk 0:06:47]} 20. Bxe5 {[%clk 0:08:27]}  dxe5 {[%clk 0:06:47]} 21. Nb2 {[%clk 0:08:10]}  a5 {[%clk 0:05:42]} 22. Bc4 {[%clk 0:08:04]}  a4 {[%clk 0:05:18]} 23. Bxe6 {[%clk 0:08:02]}  fxe6 {[%clk 0:05:20]} 24. Nc4 {[%clk 0:07:48]}  Rf7 {[%clk 0:05:01]} 25. Rd3 {[%clk 0:07:47]}  Rd8 {[%clk 0:04:46]} 26. Rxf3 {[%clk 0:07:37]}  Rf4 {[%clk 0:04:32]} 27. Rxf4 {[%clk 0:06:05]}  exf4 {[%clk 0:04:31]} 28. e5 {[%clk 0:06:07]}  axb3 {[%clk 0:04:14]} 29. axb3 {[%clk 0:06:03]}  Ra8 {[%clk 0:04:15]} 30. Rf1 {[%clk 0:04:34]}  Bb4 {[%clk 0:03:12]} 31. Kb2 {[%clk 0:04:24]}  Qe7 {[%clk 0:02:41]} 32. Qxf4 {[%clk 0:04:14]}  Qa7 {[%clk 0:02:42]} 33. Nd6+ {[%clk 0:03:37]}  Bxd6 {[%clk 0:02:43]} 34. exd6 {[%clk 0:03:39]}  Qa3+ {[%clk 0:02:44]} 35. Kc3 {[%clk 0:03:40]}  Qc5+ {[%clk 0:02:45]} 36. Kd2 {[%clk 0:03:36]}  Kd7 {[%clk 0:02:35]} 37. Rf3 {[%clk 0:03:24]}  Qd5+ {[%clk 0:02:29]} 38. Ke2 {[%clk 0:03:15]}  e5 {[%clk 0:01:50]} 39. Qf5+ {[%clk 0:03:10]}  Qe6 {[%clk 0:01:42]} 40. Qh7+ {[%clk 0:02:35]}  Kxd6 {[%clk 0:01:40]} 41. Rd3+ {[%clk 0:02:36]}  Kc5 {[%clk 0:01:41]} 42. Qb7 {[%clk 0:02:37]}  Ra2 {[%clk 0:01:31]} 43. Rc3+ {[%clk 0:02:32]}  Kd5 {[%clk 0:01:32]} 44. Qb6 {[%clk 0:02:30]}  Qe8 {[%clk 0:01:18]} 45. b4 {[%clk 0:02:02]}  Rb2 {[%clk 0:01:02]} 46. Qa5+ {[%clk 0:01:45]}  Ke6 {[%clk 0:00:58]} 47. Qa3 {[%clk 0:01:45]}  Qg6 {[%clk 0:00:50]} 48. Rxc6+ {[%clk 0:01:46]} 1-0


[Site "Internet"]

[Event "Chessable Masters - Torneo preliminare"]
[White "Kamsky, Gata"]
[Black "Xu, Yi"]
[WhiteFideId "2000024"]
[BlackFideId "8605564"]
[WhiteElo "2630"]
[BlackElo "2402"]
[Result "1-0"]
[Round "3"]
[TimeControl "600+2"]
[Date "2023.03.13"]
[WhiteClock "0:00:08"]
[BlackClock "0:00:12"]

1. d4 {[%clk 0:10:01]}  Nf6 {[%clk 0:09:59]} 2. Bf4 {[%clk 0:10:00]}  d5 {[%clk 0:10:00]} 3. e3 {[%clk 0:10:00]}  c5 {[%clk 0:10:00]} 4. c3 {[%clk 0:10:01]}  e6 {[%clk 0:09:39]} 5. Nd2 {[%clk 0:10:00]}  Bd6 {[%clk 0:09:37]} 6. Bb5+ {[%clk 0:09:56]}  Nc6 {[%clk 0:09:20]} 7. Bg3 {[%clk 0:09:54]}  O-O {[%clk 0:09:12]} 8. Ngf3 {[%clk 0:09:55]}  Bxg3 {[%clk 0:08:04]} 9. hxg3 {[%clk 0:09:54]}  Qd6 {[%clk 0:07:47]} 10. Bxc6 {[%clk 0:09:38]}  bxc6 {[%clk 0:07:46]} 11. Qc2 {[%clk 0:09:21]}  a5 {[%clk 0:07:18]} 12. g4 {[%clk 0:09:20]}  cxd4 {[%clk 0:06:07]} 13. cxd4 {[%clk 0:09:17]}  h6 {[%clk 0:05:52]} 14. Ne5 {[%clk 0:09:16]}  Ba6 {[%clk 0:05:31]} 15. f4 {[%clk 0:08:53]}  Ne4 {[%clk 0:05:12]} 16. Nxe4 {[%clk 0:08:46]}  dxe4 {[%clk 0:05:14]} 17. Qxe4 {[%clk 0:08:08]}  Qb4+ {[%clk 0:04:57]} 18. Kf2 {[%clk 0:08:08]}  c5 {[%clk 0:04:45]} 19. g5 {[%clk 0:07:35]}  Qxb2+ {[%clk 0:04:27]} 20. Kg3 {[%clk 0:07:34]}  Bb7 {[%clk 0:04:24]} 21. Rab1 {[%clk 0:05:23]}  Bxe4 {[%clk 0:04:09]} 22. Rxb2 {[%clk 0:05:23]}  cxd4 {[%clk 0:04:03]} 23. exd4 {[%clk 0:05:20]}  hxg5 {[%clk 0:02:48]} 24. fxg5 {[%clk 0:05:19]}  Rac8 {[%clk 0:01:47]} 25. Rh4 {[%clk 0:02:59]}  Bg6 {[%clk 0:01:18]} 26. Rb5 {[%clk 0:02:03]}  Rc3+ {[%clk 0:01:11]} 27. Kh2 {[%clk 0:02:03]}  Ra8 {[%clk 0:00:58]} 28. Rc5 {[%clk 0:01:42]}  Rc8 {[%clk 0:00:28]} 29. Rxa5 {[%clk 0:01:39]}  Rc2 {[%clk 0:00:23]} 30. Ra3 {[%clk 0:01:31]}  Bf5 {[%clk 0:00:16]} 31. Ra7 {[%clk 0:01:01]}  R2c7 {[%clk 0:00:17]} 32. Rxc7 {[%clk 0:00:57]}  Rxc7 {[%clk 0:00:18]} 33. Rf4 {[%clk 0:00:58]}  Ra7 {[%clk 0:00:18]} 34. d5 {[%clk 0:00:49]}  Rxa2 {[%clk 0:00:16]} 35. d6 {[%clk 0:00:48]}  Rd2 {[%clk 0:00:10]} 36. d7 {[%clk 0:00:49]}  f6 {[%clk 0:00:05]} 37. gxf6 {[%clk 0:00:49]}  gxf6 {[%clk 0:00:06]} 38. Rb4 {[%clk 0:00:50]}  fxe5 {[%clk 0:00:04]} 39. Rb8+ {[%clk 0:00:51]}  Kf7 {[%clk 0:00:05]} 40. d8=Q {[%clk 0:00:52]}  Rxd8 {[%clk 0:00:06]} 41. Rxd8 {[%clk 0:00:54]}  Kf6 {[%clk 0:00:07]} 42. Kg3 {[%clk 0:00:54]}  Kg5 {[%clk 0:00:08]} 43. Kf3 {[%clk 0:00:55]}  e4+ {[%clk 0:00:08]} 44. Ke3 {[%clk 0:00:56]}  e5 {[%clk 0:00:07]} 45. Re8 {[%clk 0:00:53]}  Kf6 {[%clk 0:00:06]} 46. Kf2 {[%clk 0:00:48]}  Bg6 {[%clk 0:00:07]} 47. Rb8 {[%clk 0:00:46]}  Kg5 {[%clk 0:00:08]} 48. Rb3 {[%clk 0:00:41]}  Bh5 {[%clk 0:00:08]} 49. Ke3 {[%clk 0:00:39]}  Bg6 {[%clk 0:00:07]} 50. Rb8 {[%clk 0:00:36]}  Kf6 {[%clk 0:00:07]} 51. Kf2 {[%clk 0:00:35]}  Kg5 {[%clk 0:00:08]} 52. Kg3 {[%clk 0:00:36]}  Bh5 {[%clk 0:00:09]} 53. Rg8+ {[%clk 0:00:33]}  Kf5 {[%clk 0:00:09]} 54. Kf2 {[%clk 0:00:24]}  Bd1 {[%clk 0:00:06]} 55. Rh8 {[%clk 0:00:18]}  Kg5 {[%clk 0:00:06]} 56. Rh1 {[%clk 0:00:18]}  Bc2 {[%clk 0:00:05]} 57. Kg3 {[%clk 0:00:18]}  Bd3 {[%clk 0:00:06]} 58. Re1 {[%clk 0:00:19]}  Bc2 {[%clk 0:00:05]} 59. Kf2 {[%clk 0:00:18]}  Kf4 {[%clk 0:00:05]} 60. g3+ {[%clk 0:00:18]}  Kg4 {[%clk 0:00:05]} 61. Rc1 {[%clk 0:00:18]}  Bd3 {[%clk 0:00:07]} 62. Rc7 {[%clk 0:00:19]}  Kf5 {[%clk 0:00:05]} 63. Ke3 {[%clk 0:00:19]}  Kg4 {[%clk 0:00:05]} 64. Rg7+ {[%clk 0:00:19]}  Kf5 {[%clk 0:00:06]} 65. Rg8 {[%clk 0:00:20]}  Bc2 {[%clk 0:00:07]} 66. g4+ {[%clk 0:00:20]}  Kf6 {[%clk 0:00:08]} 67. g5+ {[%clk 0:00:21]}  Kf5 {[%clk 0:00:08]} 68. g6 {[%clk 0:00:20]}  Kf6 {[%clk 0:00:08]} 69. g7 {[%clk 0:00:21]}  Bd3 {[%clk 0:00:09]} 70. Kf2 {[%clk 0:00:20]}  Kf7 {[%clk 0:00:10]} 71. Re8 {[%clk 0:00:21]}  Kxg7 {[%clk 0:00:11]} 72. Rxe5 {[%clk 0:00:22]}  Kf6 {[%clk 0:00:12]} 73. Rc5 {[%clk 0:00:22]}  Ke6 {[%clk 0:00:13]} 74. Ke3 {[%clk 0:00:23]}  Kd6 {[%clk 0:00:15]} 75. Kd4 {[%clk 0:00:23]}  Ke6 {[%clk 0:00:16]} 76. Rg5 {[%clk 0:00:23]}  Kf6 {[%clk 0:00:17]} 77. Re5 {[%clk 0:00:24]}  Bc2 {[%clk 0:00:17]} 78. Kd5 {[%clk 0:00:24]}  Bd3 {[%clk 0:00:18]} 79. Kd6 {[%clk 0:00:25]}  Bc2 {[%clk 0:00:18]} 80. Re8 {[%clk 0:00:25]}  Kf5 {[%clk 0:00:16]} 81. Kd5 {[%clk 0:00:24]}  Kf6 {[%clk 0:00:13]} 82. Kd4 {[%clk 0:00:25]}  Bd3 {[%clk 0:00:13]} 83. Ke3 {[%clk 0:00:26]}  Kf7 {[%clk 0:00:14]} 84. Re5 {[%clk 0:00:26]}  Kf6 {[%clk 0:00:15]} 85. Kf4 {[%clk 0:00:28]}  Bc2 {[%clk 0:00:11]} 86. Rc5 {[%clk 0:00:28]}  Bd3 {[%clk 0:00:13]} 87. Rc6+ {[%clk 0:00:30]}  Ke7 {[%clk 0:00:14]} 88. Rb6 {[%clk 0:00:28]}  Kd7 {[%clk 0:00:15]} 89. Ke5 {[%clk 0:00:29]}  Kc7 {[%clk 0:00:17]} 90. Rd6 {[%clk 0:00:30]}  Bc2 {[%clk 0:00:17]} 91. Re6 {[%clk 0:00:31]}  Bd3 {[%clk 0:00:18]} 92. Kd5 {[%clk 0:00:31]}  Kd7 {[%clk 0:00:19]} 93. Rd6+ {[%clk 0:00:29]}  Ke7 {[%clk 0:00:19]} 94. Ke5 {[%clk 0:00:31]}  Kf7 {[%clk 0:00:18]} 95. Rf6+ {[%clk 0:00:22]}  Ke7 {[%clk 0:00:19]} 96. Rd6 {[%clk 0:00:18]}  Kf7 {[%clk 0:00:20]} 97. Rd7+ {[%clk 0:00:19]}  Kg6 {[%clk 0:00:21]} 98. Rc7 {[%clk 0:00:20]}  Bb1 {[%clk 0:00:17]} 99. Rc6+ {[%clk 0:00:20]}  Kg7 {[%clk 0:00:17]} 100. Rc3 {[%clk 0:00:16]}  Bd3 {[%clk 0:00:17]} 101. Kf5 {[%clk 0:00:16]}  Bb1 {[%clk 0:00:11]} 102. Rc7+ {[%clk 0:00:17]}  Kh6 {[%clk 0:00:12]} 103. Re7 {[%clk 0:00:16]}  e3+ {[%clk 0:00:12]} 104. Kf4 {[%clk 0:00:17]}  Bg6 {[%clk 0:00:09]} 105. Rxe3 {[%clk 0:00:16]}  Kg7 {[%clk 0:00:08]} 106. Kg5 {[%clk 0:00:17]}  Bh7 {[%clk 0:00:06]} 107. Re7+ {[%clk 0:00:18]}  Kh8 {[%clk 0:00:07]} 108. Kf6 {[%clk 0:00:20]}  Bg8 {[%clk 0:00:08]} 109. Kg6 {[%clk 0:00:21]}  Bd5 {[%clk 0:00:08]} 110. Re5 {[%clk 0:00:19]}  Bc4 {[%clk 0:00:05]} 111. Rc5 {[%clk 0:00:16]}  Bd3+ {[%clk 0:00:05]} 112. Kf6 {[%clk 0:00:17]}  Bh7 {[%clk 0:00:06]} 113. Rh5 {[%clk 0:00:15]}  Kg8 {[%clk 0:00:07]} 114. Rh4 {[%clk 0:00:15]}  Kh8 {[%clk 0:00:08]} 115. Rg4 {[%clk 0:00:15]}  Bg8 {[%clk 0:00:08]} 116. Rg3 {[%clk 0:00:14]}  Bh7 {[%clk 0:00:09]} 117. Kf7 {[%clk 0:00:15]}  Bc2 {[%clk 0:00:08]} 118. Rc3 {[%clk 0:00:15]}  Be4 {[%clk 0:00:09]} 119. Rc5 {[%clk 0:00:14]}  Bd3 {[%clk 0:00:08]} 120. Rc3 {[%clk 0:00:10]}  Be4 {[%clk 0:00:09]} 121. Re3 {[%clk 0:00:07]}  Bd5+ {[%clk 0:00:09]} 122. Kg6 {[%clk 0:00:07]}  Bg8 {[%clk 0:00:11]} 123. Rh3+ {[%clk 0:00:07]}  Bh7+ {[%clk 0:00:12]} 124. Rxh7+ {[%clk 0:00:08]} 1-0


[Site "Internet"]

[Event "Chessable Masters - Torneo preliminare"]
[White "Antipov, Mikhail Al."]
[Black "Steinberg, Nitzan"]
[WhiteFideId "4107012"]
[BlackFideId "2801795"]
[WhiteElo "2593"]
[BlackElo "2500"]
[Result "1-0"]
[Round "3"]
[TimeControl "600+2"]
[Date "2023.03.13"]
[WhiteClock "0:03:27"]
[BlackClock "0:00:56"]

1. e4 {[%clk 0:10:01]}  c5 {[%clk 0:10:00]} 2. Nf3 {[%clk 0:10:03]}  d6 {[%clk 0:10:02]} 3. d4 {[%clk 0:10:04]}  cxd4 {[%clk 0:10:03]} 4. Nxd4 {[%clk 0:10:06]}  Nf6 {[%clk 0:10:04]} 5. Nc3 {[%clk 0:10:07]}  a6 {[%clk 0:10:06]} 6. Be3 {[%clk 0:10:05]}  e6 {[%clk 0:10:02]} 7. a3 {[%clk 0:10:05]}  Be7 {[%clk 0:09:59]} 8. g4 {[%clk 0:10:06]}  Nfd7 {[%clk 0:09:59]} 9. h4 {[%clk 0:09:54]}  b5 {[%clk 0:09:59]} 10. g5 {[%clk 0:09:54]}  Bb7 {[%clk 0:09:59]} 11. Qh5 {[%clk 0:09:46]}  Nc5 {[%clk 0:09:07]} 12. Bg2 {[%clk 0:09:21]}  Nc6 {[%clk 0:08:43]} 13. O-O-O {[%clk 0:08:58]}  Qa5 {[%clk 0:08:00]} 14. Nxc6 {[%clk 0:08:19]}  Bxc6 {[%clk 0:08:01]} 15. Nd5 {[%clk 0:08:19]}  exd5 {[%clk 0:06:16]} 16. exd5 {[%clk 0:08:17]}  b4 {[%clk 0:06:17]} 17. axb4 {[%clk 0:07:57]}  Qxb4 {[%clk 0:04:59]} 18. dxc6 {[%clk 0:07:53]}  O-O {[%clk 0:04:31]} 19. Bd4 {[%clk 0:07:41]}  Ne6 {[%clk 0:03:51]} 20. Bc3 {[%clk 0:07:23]}  Qa4 {[%clk 0:03:51]} 21. b3 {[%clk 0:07:15]}  Qf4+ {[%clk 0:03:40]} 22. Rd2 {[%clk 0:07:10]}  d5 {[%clk 0:03:32]} 23. Qf3 {[%clk 0:06:57]}  d4 {[%clk 0:02:59]} 24. Bxd4 {[%clk 0:06:08]}  Ba3+ {[%clk 0:03:00]} 25. Kd1 {[%clk 0:06:09]}  Qc7 {[%clk 0:03:00]} 26. Bc3 {[%clk 0:06:04]}  Rfd8 {[%clk 0:02:54]} 27. Re1 {[%clk 0:06:05]}  a5 {[%clk 0:02:54]} 28. Bh3 {[%clk 0:05:18]}  Rxd2+ {[%clk 0:02:34]} 29. Bxd2 {[%clk 0:05:04]}  Nd4 {[%clk 0:02:36]} 30. Qd5 {[%clk 0:04:51]}  Rd8 {[%clk 0:01:26]} 31. Bd7 {[%clk 0:04:49]}  Nxc6 {[%clk 0:01:26]} 32. Qxc6 {[%clk 0:04:47]}  Qxd7 {[%clk 0:01:27]} 33. Qxd7 {[%clk 0:04:48]}  Rxd7 {[%clk 0:01:28]} 34. Re8+ {[%clk 0:04:50]}  Bf8 {[%clk 0:01:30]} 35. Ke2 {[%clk 0:04:49]}  f6 {[%clk 0:01:17]} 36. gxf6 {[%clk 0:04:46]}  gxf6 {[%clk 0:01:18]} 37. Bh6 {[%clk 0:04:42]}  Re7+ {[%clk 0:01:19]} 38. Rxe7 {[%clk 0:04:43]}  Bxe7 {[%clk 0:01:21]} 39. Bd2 {[%clk 0:04:40]}  Bd8 {[%clk 0:01:23]} 40. Kd3 {[%clk 0:04:31]}  h5 {[%clk 0:01:23]} 41. Ke4 {[%clk 0:04:20]}  f5+ {[%clk 0:01:18]} 42. Kxf5 {[%clk 0:04:21]}  Bxh4 {[%clk 0:01:20]} 43. f3 {[%clk 0:03:34]}  Bd8 {[%clk 0:01:16]} 44. Bg5 {[%clk 0:03:32]}  Bb6 {[%clk 0:01:02]} 45. Kg6 {[%clk 0:03:30]}  a4 {[%clk 0:00:57]} 46. bxa4 {[%clk 0:03:30]}  Ba5 {[%clk 0:00:56]} 47. f4 {[%clk 0:03:27]} 1-0


[Site "Internet"]